[Event "Skien-ch U20"]
[Site "Skien"]
[Date "2019.11.09"]
[Round "5"]
[White "Steensen, Oskar"]
[Black "Nilsen, Henrik Lauvsnes"]
[Result "1-0"]
[WhiteElo "1457"]
[BlackElo "1169"]
[PlyCount "97"]
[EventDate "2019.11.08"]
[EventType "swiss"]
[EventRounds "7"]
[EventCountry "NOR"]
[SourceTitle "CBM 193 Extra"]
[Source "ChessBase"]
[SourceDate "2020.01.31"]
[SourceVersion "1"]
[SourceVersionDate "2020.01.31"]
[SourceQuality "1"]

1. c4 g6 2. d4 c6 3. e4 Bg7 4. Nc3 d6 5. Be3 f5 6. h4 Nf6 7. Bd3 fxe4 8. Nxe4 Nxe4 9. Bxe4 Nd7 10. Bg5 Qb6 11. Qe2 Qxd4 12. Bxg6+ Kd8 13. Bxe7+ Kc7 14. Rd1 Qxd1+ 15. Qxd1 Be5 16. Bh5 Rg8 17. Nf3 Rg7 18. Bg5 h6 19. Bxh6 Re7 20. Nxe5 Nxe5 21. 0-0 Be6 22. b3 Rg8 23. Bf4 Bh3 24. Bf3 Rf7 25. Bxe5 dxe5 26. Kh2 Bf5 27. Qe2 Re7 28. Be4 Bg4 29. f3 Bd7 30. g4 Reg7 31. Kg3 Kd8 32. h5 Ke7 33. h6 Rf7 34. h7 Rh8 35. f4 Kf8 36. fxe5 Rxf1 37. Qxf1+ Ke8 38. Bg6+ Kd8 39. Qf6+ Kc7 40. Qxh8 Bxg4 41. Qg7+ Kb6 42. b4 Bf5 43. a4 Bxg6 44. c5+ Ka6 45. Qxg6 b6 46. cxb6 axb6 47. Qxc6 Ka7 48. h8Q b5 49. Qha8# 1-0

[Event "Konnerud NGP B"]
[Site "Konnerud"]
[Date "2018.12.02"]
[Round "5"]
[White "Kierulf, Villum Brevick"]
[Black "Steensen, Oskar"]
[Result "1/2-1/2"]
[WhiteElo "1278"]
[BlackElo "1307"]
[PlyCount "149"]
[EventDate "2018.12.01"]
[EventType "swiss"]
[EventRounds "5"]
[EventCountry "NOR"]
[SourceTitle "EXT 2024"]
[Source "ChessBase"]
[SourceDate "2023.10.10"]
[SourceVersion "1"]
[SourceVersionDate "2023.10.10"]
[SourceQuality "1"]

1. d4 d5 2. c4 c6 3. Nc3 Nf6 4. Nf3 Bf5 5. Bf4 e6 6. e3 Bd6 7. Bg3 Qc7 8. c5 Bxg3 9. hxg3 Nbd7 10. Be2 Ne4 11. Nxe4 Bxe4 12. Bd3 Nf6 13. Qc2 h6 14. 0-0-0 0-0 15. Rh2 Ng4 16. Rh4 Bxd3 17. Rxd3 Nf6 18. Rd1 Rfe8 19. Rdh1 Kf8 20. Ne5 Ne4 21. Rf4 f6 22. Qe2 Kg8 23. Nd3 Rf8 24. Qg4 Ng5 25. Qh5 Qf7 26. Qxf7+ Rxf7 27. Kc2 Re8 28. Kc3 e5 29. Rfh4 exd4+ 30. Rxd4 Re4 31. Rxe4 Nxe4+ 32. Kd4 Re7 33. g4 Ng5 34. f3 Kf7 35. b4 Ne6+ 36. Kc3 Nc7 37. a4 Rxe3 38. Kd2 Re8 39. Re1 Rxe1 40. Nxe1 Ne6 41. Kc3 a6 42. Nd3 g5 43. g3 Kg6 44. Ne1 h5 45. gxh5+ Kxh5 46. Ng2 f5 47. Kd3 f4 48. g4+ Kg6 49. Ne1 Kf6 50. Nc2 Ke5 51. a5 Nf8 52. Ne1 Ng6 53. Nc2 Nh4 54. Ne1 d4 55. Kc4 Ng6 56. Nd3+ Kf6 57. Kxd4 Ke6 58. Kc4 Ne7 59. Nf2 Ng6 60. Nd3 Nf8 61. Nf2 Nd7 62. Nd3 Nf6 63. Nf2 Kd7 64. Nd1 Nd5 65. Nc3 Ne3+ 66. Kd3 Nd5 67. Kc4 Ne3+ 68. Kb3 Nf1 69. Ne4 Ke6 70. Nxg5+ Kd5 71. Kc3 Nh2 72. Nh3 Nxf3 73. Nxf4+ Ke5 74. Ng6+ Kf6 75. Nf8 1/2-1/2

[Event "Konnerud NGP B"]
[Site "Konnerud"]
[Date "2018.12.01"]
[Round "2"]
[White "Steensen, Oskar"]
[Black "Helliesen, Lykke Merlot"]
[Result "0-1"]
[WhiteElo "1307"]
[BlackElo "1582"]
[PlyCount "66"]
[EventDate "2018.12.01"]
[EventType "swiss"]
[EventRounds "5"]
[EventCountry "NOR"]
[SourceTitle "EXT 2024"]
[Source "ChessBase"]
[SourceDate "2023.10.10"]
[SourceVersion "1"]
[SourceVersionDate "2023.10.10"]
[SourceQuality "1"]

1. c4 e5 2. Nc3 f5 3. d3 Nf6 4. g3 Nc6 5. e3 d5 6. cxd5 Nxd5 7. Bg2 Ndb4 8. Bf1 Be6 9. a3 Nd5 10. Bg2 Qd7 11. Nf3 0-0-0 12. d4 e4 13. Ng5 Bg8 14. Bh3 h6 15. Ngxe4 g5 16. Nd2 Re8 17. 0-0 h5 18. Bg2 h4 19. Bxd5 Bxd5 20. Nxd5 Qxd5 21. Qf3 Qd7 22. h3 g4 23. hxg4 fxg4 24. Qg2 hxg3 25. fxg3 Rxe3 26. d5 Nd4 27. Qf2 Rxg3+ 28. Qxg3 Ne2+ 29. Kf2 Nxg3 30. Kxg3 Bd6+ 31. Kf2 g3+ 32. Ke2 g2 33. Rf8+ Rxf8 0-1